书目信息 |
| 题名: |
中国古代建筑抗震
|
|
| 作者: | 张鹏程 , 赵鸿铁 著 | |
| 分册: | ||
| 出版信息: | 北京 地震出版社 2007.12 |
|
| 页数: | 182页 | |
| 开本: | 26cm | |
| 丛书名: | ||
| 单 册: | ||
| 中图分类: | TU366.2 | |
| 科图分类: | ||
| 主题词: | 木结构--mu jie gou--古建筑--抗震结构--研究--中国 | |
| 电子资源: | ||
| ISBN: | 978-7-5028-3090-8 | |
| 000 | 00980nam0 2200265 450 | |
| 001 | 012008373933 | |
| 005 | 20080512172737.39 | |
| 010 | @a978-7-5028-3090-8@dCNY36.00 | |
| 100 | @a20080512d2007 em y0chiy0120 ea | |
| 101 | 0 | @achi |
| 102 | @aCN@b110000 | |
| 105 | @aa a 000yy | |
| 106 | @ar | |
| 200 | 1 | @a中国古代建筑抗震@Azhong guo gu dai jian zhu kang zhen@f张鹏程, 赵鸿铁著@Fzhang peng cheng,zhao hong tie zhu |
| 210 | @a北京@c地震出版社@d2007.12 | |
| 215 | @a182页@c图@d26cm | |
| 300 | @a“中国建设银行厦门分行——厦门大学中青年教师培养基金”资助 | |
| 320 | @a有书目 (第180-182页) | |
| 330 | @a本书内容包括:绪论,中国古代建筑结构发展史拾遗,中国古代建筑木结构总论,地基及基础,殿堂柱架结构,铺作层,殿堂梁架结构等。 | |
| 606 | 0 | @a木结构@Amu jie gou@x古建筑@x抗震结构@x研究@y中国 |
| 690 | @aTU366.2@v4 | |
| 701 | 0 | @a张鹏程@Azhang peng cheng@4著 |
| 701 | 0 | @a赵鸿铁@Azhao hong tie@4著 |
| 801 | 0 | @aCN@bQSSK@c20080512 |
| 905 | @b711733-35@dTU366.2@eZ150@f3 | |
| 中国古代建筑抗震/张鹏程, 赵鸿铁著.-北京:地震出版社,2007.12 |
| 182页:图;26cm |
| “中国建设银行厦门分行——厦门大学中青年教师培养基金”资助 |
| ISBN 978-7-5028-3090-8:CNY36.00 |
| 本书内容包括:绪论,中国古代建筑结构发展史拾遗,中国古代建筑木结构总论,地基及基础,殿堂柱架结构,铺作层,殿堂梁架结构等。 |
| ● |
| 相关链接 |
|
|
|
正题名:中国古代建筑抗震
索取号:TU366.2/Z150
 
预约/预借
| 序号 | 登录号 | 条形码 | 馆藏地/架位号 | 状态 | 备注 |
| 1 | 711733 | 207117332 | 建筑库101/101建筑库 84排3列3层/ [索取号:TU366.2/Z150] | 在馆 | |
| 2 | 711734 | 207117341 | 建筑库101/101建筑库 84排3列3层/ [索取号:TU366.2/Z150] | 在馆 | |
| 3 | 711735 | 207117350 | 建筑库101/101建筑库 84排3列3层/ [索取号:TU366.2/Z150] | 在馆 |